00651 a2200157 45000010006000000050017000060080041000230030015000640400040000790800051001192450026001702640080001963000019002765050178002951000020004735421820260407155812.0260407a1966 arg spa dAR-UNSa-BCEJYS aAR-UNSa-BCEJYSbspacAR-UNSa-BCEJYS a338.5xPrecios. Formación de precios. Costes10aEl sistema de precios 1aMéxico :bUnión Tipográfica Editorial Hispano-Americana (UTEHA)c1966 a303 p.c17 cm. a1. Lugar de los precios en una economía moderna – 2. Empresas – 3. Consumo – 4. Mercados e industrias – 5. Los precios y la economía – 6. Eficacia económica.1 aDorfman, Robert